| 000 | 01129cam a2200337 4500 | ||
|---|---|---|---|
| 001 | ABS64135 | ||
| 008 | 000000n2001 000 0 eng u | ||
| 035 | _a(Sirsi) u113465 | ||
| 100 | _aDear, B. | ||
| 245 | _aDevelopers take an insight into sites | ||
| 260 | _c2001 | ||
| 490 |
_aProperty Week _v66(24) 15 June 2001, 124-125(2) |
||
| 520 | _aHighlights some of the key issues that developers need to consider ever more carefully as potential developments sites become increasingly scarce, including access, traffic, adverse possession, other occupiers, archaeology, planning policy and environmental issues. | ||
| 590 | _aABS | ||
| 650 | _aACCESS | ||
| 650 | _aACCESS TO PROPERTY | ||
| 650 | _aADVERSE POSSESSION | ||
| 650 | _aARCHAEOLOGY | ||
| 650 | _aARCHAEOLOGICAL REMAINS | ||
| 650 |
_aContamination _96231 |
||
| 650 | _aCONTAMINATED LAND | ||
| 650 | _aENVIRONMENTAL ISSUES | ||
| 650 | _aLICENSEES | ||
| 650 | _aOCCUPIERS | ||
| 650 | _aPLANNING POLICY | ||
| 650 | _aTENANTS | ||
| 650 | _aTRAFFIC | ||
| 650 | _aUNAUTHORISED OCCUPATION | ||
| 690 | _aPROPERTY-PROPERTY DEVELOPMENT | ||
| 942 | _n0 | ||
| 999 |
_c67599 _d67599 |
||